| 000 | 00626nam a22001937a 4500 | ||
|---|---|---|---|
| 999 |
_c188986 _d188986 |
||
| 005 | 20220608164908.0 | ||
| 010 | _aENG-133102 | ||
| 020 |
_c250.00.00 _a978-93-86296-99-3 |
||
| 035 | _aEN-116634 | ||
| 037 | _bDBAD/PUB | ||
| 082 | _a378.54 | ||
| 245 |
_aNavigating the Labyrinth: _bPerspective on India's Higher Education/ _cedited by Devesh Kapur and Pratap Bhanu Mehta |
||
| 250 | _bHyderabad | ||
| 260 |
_c2017 _bOrient Blackswan Pvt. Ltd. |
||
| 270 |
_a3-6-752 Himayatnagar _bHyderabad _e500029 |
||
| 300 |
_ax,273pp. _c22cm(hbk) _bIndex |
||
| 700 | _aDevesh Kapur | ||
| 942 |
_2ddc _cEN _mNAV _h378.54 |
||